[Event "CHN-chT DivA"]
[Site "Fuling"]
[Date "2023.06.08"]
[Round "4.4"]
[White "Ma, Qun"]
[Black "Lou, Yiping"]
[Result "1-0"]
[WhiteElo "2648"]
[BlackElo "2482"]
[PlyCount "109"]
[EventDate "2023.06.05"]
[EventType "team-tourn"]
[EventRounds "11"]
[EventCountry "CHN"]
[SourceTitle "CBM 214 Extra"]
[Source "ChessBase"]
[SourceDate "2023.07.31"]
[SourceVersion "1"]
[SourceVersionDate "2023.07.31"]
[SourceQuality "1"]
[WhiteTeam "Hangzhou Bank"]
[BlackTeam "Shanghai"]
[WhiteTeamCountry "CHN"]
[BlackTeamCountry "CHN"]

1. e4 e5 2. Nf3 Nc6 3. Bb5 Nf6 4. d3 Bc5 5. c3 0-0 6. 0-0 d6 7. h3 Ne7 8. d4 Bb6 9. Re1 Ng6 10. Nbd2 c6 11. Bf1 Re8 12. dxe5 Nxe5 13. Nxe5 Rxe5 14. Bd3 d5 15. Nf3 Re8 16. e5 Ne4 17. Bxe4 dxe4 18. Qxd8 Rxd8 19. Ng5 Bf5 20. Bf4 e3 21. Bxe3 Bxe3 22. Rxe3 Rd2 23. g4 Bg6 24. b4 a5 25. a3 axb4 26. cxb4 h6 27. Nf3 Rb2 28. Rc1 Ra2 29. Rcc3 Rd8 30. Kg2 Kf8 31. Kg3 Ra1 32. Re1 Ra2 33. Nh4 Rdd2 34. Rf3 Bd3 35. e6 f6 36. Ree3 Bh7 37. Nf5 Bxf5 38. gxf5 Rd5 39. Rd3 Rd2 40. Rxd2 Rxd2 41. Kg4 Rd1 42. Kh5 Rg1 43. Rg3 Rf1 44. Rd3 Rxf2 45. Rd8+ Ke7 46. Rd7+ Kf8 47. Kg6 Rg2+ 48. Kh7 Rg5 49. Rf7+ Ke8 50. Rxb7 Rxf5 51. Kxg7 Rf3 52. a4 Rxh3 53. Kxf6 Rf3+ 54. Ke5 h5 55. a5 1-0

[Event "PRO League KO Stage"]
[Site "Chess.com INT"]
[Date "2023.05.14"]
[Round "3.1"]
[White "Lou, Yiping"]
[Black "Nakamura, Hikaru"]
[Result "0-1"]
[WhiteElo "2492"]
[BlackElo "2775"]
[PlyCount "78"]
[EventDate "2023.05.11"]
[EventType "team-k.o. (rapid)"]
[EventRounds "3"]
[EventCountry "USA"]
[SourceTitle "CBM 214 Extra"]
[Source "ChessBase"]
[SourceDate "2023.07.31"]
[SourceVersion "1"]
[SourceVersionDate "2023.07.31"]
[SourceQuality "1"]
[WhiteTeam "Shanghai Tigers"]
[BlackTeam "Gotham Knights"]
[WhiteTeamCountry "CHN"]
[BlackTeamCountry "USA"]

1. Nf3 d5 2. d4 Nf6 3. c4 e6 4. Nc3 dxc4 5. e3 a6 6. Bxc4 b5 7. Be2 c5 8. 0-0 Nbd7 9. a3 Bb7 10. dxc5 Bxc5 11. b4 Be7 12. a4 Bxb4 13. Qb3 a5 14. Nxb5 Nc5 15. Qc4 Bd5 16. Qf4 0-0 17. Bb2 Qe7 18. Nfd4 Rad8 19. Rfd1 Rfe8 20. Qe5 Bb7 21. f3 Rd5 22. Qg3 Red8 23. h3 h6 24. Na7 Qd6 25. Qxd6 R5xd6 26. Nab5 R6d7 27. Kf2 e5 28. Nf5 Rxd1 29. Bxd1 Rd2+ 30. Kg3 Rxb2 31. Nbd6 Nd5 32. Nc4 Be1+ 33. Kh2 Rb4 34. Nxa5 Ba8 35. Rc1 Nc3 36. Be2 Nxe2 37. Rxc5 g6 38. Rc2 gxf5 39. Rxe2 Rb1 0-1

[Event "PRO League KO Stage"]
[Site "Chess.com INT"]
[Date "2023.05.13"]
[Round "2.4"]
[White "Lou, Yiping"]
[Black "Pranesh, M."]
[Result "1/2-1/2"]
[WhiteElo "2492"]
[BlackElo "2493"]
[PlyCount "91"]
[EventDate "2023.05.11"]
[EventType "team-k.o. (rapid)"]
[EventRounds "3"]
[EventCountry "USA"]
[SourceTitle "CBM 214 Extra"]
[Source "ChessBase"]
[SourceDate "2023.07.31"]
[SourceVersion "1"]
[SourceVersionDate "2023.07.31"]
[SourceQuality "1"]
[WhiteTeam "Shanghai Tigers"]
[BlackTeam "Indian Yogis"]
[WhiteTeamCountry "CHN"]
[BlackTeamCountry "IND"]

1. d4 d5 2. c4 c6 3. Nf3 Nf6 4. cxd5 cxd5 5. Nc3 Nc6 6. Bf4 Bf5 7. e3 e6 8. Bd3 Bxd3 9. Qxd3 Bb4 10. 0-0 0-0 11. Rfc1 Qe7 12. a3 Bxc3 13. Rxc3 Ne4 14. Rc2 Rfc8 15. h3 f6 16. Rac1 Qd8 17. Qb5 Qb6 18. Qxb6 axb6 19. Ne1 Re8 20. f3 Ng5 21. Bxg5 fxg5 22. Nd3 Kf7 23. Rc3 Ke7 24. Ne5 Nxe5 25. dxe5 Red8 26. Rc7+ Rd7 27. Kf2 Ra4 28. Ke2 b5 29. R1c2 b4 30. axb4 Rxb4 31. Rc8 d4 32. exd4 Rbxd4 33. R8c5 Rb4 34. Ke3 Rb3+ 35. R5c3 Rb5 36. Rc5 Rb6 37. g3 h5 38. f4 gxf4+ 39. Kxf4 Rb3 40. R5c3 Rb5 41. Rc5 Rb4+ 42. R5c4 Rb3 43. R4c3 Rb5 44. Rc5 Rb4+ 45. R5c4 Rb5 46. Rc5 1/2-1/2

[Event "PRO League KO Stage"]
[Site "Chess.com INT"]
[Date "2023.05.12"]
[Round "1.4"]
[White "Batsiashvili, Nino"]
[Black "Lou, Yiping"]
[Result "1-0"]
[WhiteElo "2467"]
[BlackElo "2492"]
[PlyCount "119"]
[EventDate "2023.05.11"]
[EventType "team-k.o. (rapid)"]
[EventRounds "3"]
[EventCountry "USA"]
[SourceTitle "CBM 214 Extra"]
[Source "ChessBase"]
[SourceDate "2023.07.31"]
[SourceVersion "1"]
[SourceVersionDate "2023.07.31"]
[SourceQuality "1"]
[WhiteTeam "Norway Gnomes"]
[BlackTeam "Shanghai Tigers"]
[WhiteTeamCountry "NOR"]
[BlackTeamCountry "CHN"]

1. d4 e6 2. c4 Nf6 3. Nf3 d5 4. Nc3 dxc4 5. e4 Bb4 6. Bxc4 Nxe4 7. 0-0 Nxc3 8. bxc3 Be7 9. Qc2 Nd7 10. Re1 Nf6 11. Ne5 0-0 12. Re3 c5 13. Rh3 cxd4 14. cxd4 g6 15. Be3 Bd7 16. Bh6 Re8 17. Re1 Rc8 18. Qe2 Bf8 19. Bg5 Bg7 20. Rf3 Bc6 21. Nxc6 bxc6 22. Qe5 Nd7 23. Qf4 Qa5 24. Qxf7+ Kh8 25. Rxe6 Rf8 26. Qxd7 Qxg5 27. Rxf8+ Rxf8 28. Re8 Qc1+ 29. Bf1 Qa3 30. Rxf8+ Bxf8 31. Qxc6 Qxa2 32. g3 Qf7 33. Bc4 Qe7 34. Qd5 Kg7 35. h4 h5 36. Kg2 Kh6 37. Qf3 Bg7 38. d5 Qd6 39. Bd3 a5 40. Qe3+ Kh7 41. Qg5 a4 42. Qxh5+ Bh6 43. Qf3 a3 44. Bb1 Kg7 45. Qe4 Kf7 46. Ba2 Bg7 47. Qe6+ Qxe6 48. dxe6+ Kf6 49. f4 Bf8 50. Kf3 Bb4 51. g4 Be1 52. g5+ Ke7 53. Kg4 Bd2 54. f5 gxf5+ 55. Kxf5 Be1 56. h5 Bd2 57. h6 Bc1 58. Kg6 Bd2 59. Kh5 Bb4 60. g6 1-0

[Event "PRO League KO Stage"]
[Site "Chess.com INT"]
[Date "2023.05.12"]
[Round "1.3"]
[White "Lou, Yiping"]
[Black "Abdrlauf, Elham"]
[Result "1/2-1/2"]
[WhiteElo "2492"]
[BlackElo "2518"]
[PlyCount "121"]
[EventDate "2023.05.11"]
[EventType "team-k.o. (rapid)"]
[EventRounds "3"]
[EventCountry "USA"]
[SourceTitle "CBM 214 Extra"]
[Source "ChessBase"]
[SourceDate "2023.07.31"]
[SourceVersion "1"]
[SourceVersionDate "2023.07.31"]
[SourceQuality "1"]
[WhiteTeam "Shanghai Tigers"]
[BlackTeam "Norway Gnomes"]
[WhiteTeamCountry "CHN"]
[BlackTeamCountry "NOR"]

1. d4 Nf6 2. c4 e6 3. Nc3 d5 4. cxd5 exd5 5. Bg5 c6 6. e3 Be7 7. Bd3 0-0 8. Nf3 h6 9. Bf4 Nh5 10. Be5 Nd7 11. h3 Nxe5 12. Nxe5 Nf6 13. Qc2 Bd6 14. 0-0 Bxe5 15. dxe5 Nd7 16. f4 Nc5 17. Be2 Qe7 18. Bf3 f6 19. Bxd5+ Kh8 20. Bc4 fxe5 21. fxe5 Be6 22. Be2 Bg8 23. Ne4 Nd7 24. Qc3 Nxe5 25. Ng3 Bh7 26. Nh5 Rae8 27. Rxf8+ Rxf8 28. Rf1 Rxf1+ 29. Bxf1 Bg6 30. Nf4 Bf7 31. a3 c5 32. Be2 b6 33. Bh5 Kg8 34. Bxf7+ Nxf7 35. Qd3 Qe5 36. Ng6 Qe6 37. Nf4 Qd6 38. Qe4 Qe5 39. Qxe5 Nxe5 40. Kf2 g5 41. Nd5 Nd3+ 42. Ke2 Nxb2 43. Ne7+ Kf7 44. Nc8 Nc4 45. Nxa7 Nxa3 46. Kd3 b5 47. Kc3 Ke6 48. Kb3 b4 49. Nc8 Kd5 50. Nb6+ Ke4 51. Nd7 c4+ 52. Kxb4 Nc2+ 53. Kc3 Nxe3 54. g4 Kf4 55. Nf6 Kg3 56. Ng8 Kxh3 57. Nxh6 Kg3 58. Kd4 Nxg4 59. Nf7 c3 60. Kxc3 Ne5 61. Nxg5 1/2-1/2

[Event "PRO League KO Stage"]
[Site "Chess.com INT"]
[Date "2023.05.12"]
[Round "1.1"]
[White "Lou, Yiping"]
[Black "Eljanov, Pavel"]
[Result "1-0"]
[WhiteElo "2492"]
[BlackElo "2705"]
[PlyCount "89"]
[EventDate "2023.05.11"]
[EventType "team-k.o. (rapid)"]
[EventRounds "3"]
[EventCountry "USA"]
[SourceTitle "CBM 214 Extra"]
[Source "ChessBase"]
[SourceDate "2023.07.31"]
[SourceVersion "1"]
[SourceVersionDate "2023.07.31"]
[SourceQuality "1"]
[WhiteTeam "Shanghai Tigers"]
[BlackTeam "Norway Gnomes"]
[WhiteTeamCountry "CHN"]
[BlackTeamCountry "NOR"]

1. e4 e5 2. Nf3 Nc6 3. Nc3 Nf6 4. d4 exd4 5. Nxd4 Bb4 6. Nxc6 bxc6 7. Bd3 d5 8. exd5 0-0 9. 0-0 cxd5 10. h3 c6 11. Qf3 Re8 12. Bf4 h6 13. Rad1 Bd6 14. b3 Be6 15. Rfe1 c5 16. Na4 Bf8 17. c4 d4 18. Be5 Nd7 19. Bf4 Nb6 20. Nb2 Bd6 21. Be4 Rc8 22. Nd3 Bxf4 23. Qxf4 a5 24. Bb7 Rc7 25. Ba6 Bd7 26. Rxe8+ Bxe8 27. Re1 Re7 28. Rxe7 Qxe7 29. Qb8 Nd7 30. Qa8 Qe2 31. Bb5 Nf8 32. Qf3 Qe7 33. Kf1 Bd7 34. Bxd7 Nxd7 35. Qa8+ Kh7 36. Qxa5 Qe4 37. Qd2 g6 38. Qe2 Qf5 39. Qf3 Qe6 40. a4 Kg7 41. Qd5 Qe7 42. a5 Nf6 43. Qe5 Qb7 44. Nxc5 Qa8 45. Nd7 1-0

[Event "PRO League KO Stage"]
[Site "Chess.com INT"]
[Date "2023.05.12"]
[Round "1.2"]
[White "Pranav, V."]
[Black "Lou, Yiping"]
[Result "0-1"]
[WhiteElo "2597"]
[BlackElo "2492"]
[PlyCount "152"]
[EventDate "2023.05.11"]
[EventType "team-k.o. (rapid)"]
[EventRounds "3"]
[EventCountry "USA"]
[SourceTitle "CBM 214 Extra"]
[Source "ChessBase"]
[SourceDate "2023.07.31"]
[SourceVersion "1"]
[SourceVersionDate "2023.07.31"]
[SourceQuality "1"]
[WhiteTeam "Norway Gnomes"]
[BlackTeam "Shanghai Tigers"]
[WhiteTeamCountry "NOR"]
[BlackTeamCountry "CHN"]

1. e4 c5 2. Nf3 e6 3. d4 cxd4 4. Nxd4 Nc6 5. Nc3 Qc7 6. Be2 Nf6 7. 0-0 a6 8. Be3 Be7 9. f4 d6 10. a4 0-0 11. Kh1 Re8 12. Qe1 Nxd4 13. Bxd4 e5 14. fxe5 dxe5 15. Qg3 Bd8 16. Be3 Kh8 17. Rad1 Be6 18. Bg5 Ng8 19. Be3 Nf6 20. h3 Rc8 21. Qf3 Qc6 22. Bd3 Nd7 23. Qg3 Bb6 24. Bd2 Bd4 25. a5 Nc5 26. Rf3 Nxd3 27. cxd3 b6 28. Rdf1 bxa5 29. Qh4 Bc5 30. Rg3 Bf8 31. Qh5 Qd6 32. Nd1 g6 33. Qh4 Qd8 34. Bg5 Be7 35. Bxe7 Qxe7 36. Qh6 Rc2 37. Kh2 Rec8 38. Rgf3 Rc1 39. Qd2 Qd8 40. Nc3 Rxf1 41. Rxf1 Kg8 42. Ra1 Rb8 43. Nd1 Rb4 44. Qc3 Qd4 45. Rxa5 Qxc3 46. bxc3 Rb1 47. Ne3 Rb3 48. Rc5 a5 49. Rxa5 Rxc3 50. Ra8+ Kg7 51. Rd8 Kf6 52. Nd1 Rb3 53. Nf2 h5 54. h4 Rb2 55. Kg3 Rd2 56. Kf3 Ra2 57. Ke3 Ra3 58. Rb8 Ra2 59. g3 Ra1 60. Rb6 Ke7 61. Ke2 Ra2+ 62. Ke3 Ra1 63. Rb2 Re1+ 64. Kf3 Rf1 65. Kg2 Ra1 66. Rd2 Rb1 67. Nd1 Ra1 68. Kf2 Rb1 69. Nc3 Rh1 70. Kg2 Rc1 71. Nd1 Ra1 72. Ne3 Re1 73. Kf3 Ra1 74. Kg2 Rb1 75. Nf1 Bh3+ 76. Kh2 Bxf1 0-1

[Event "CHN-ch"]
[Site "Xinghua"]
[Date "2023.05.09"]
[Round "4"]
[White "Lou, Yiping"]
[Black "Xu, Yinglun"]
[Result "1-0"]
[WhiteElo "2492"]
[BlackElo "2549"]
[PlyCount "89"]
[EventDate "2023.05.06"]
[EventType "tourn"]
[EventRounds "11"]
[EventCountry "CHN"]
[EventCategory "9"]
[SourceTitle "CBM 215 Extra"]
[Source "ChessBase"]
[SourceDate "2023.09.30"]
[SourceVersion "1"]
[SourceVersionDate "2023.09.30"]
[SourceQuality "1"]

1. e4 c5 2. Nf3 d6 3. d4 cxd4 4. Nxd4 Nf6 5. Nc3 a6 6. Bd3 g6 7. f3 Bg7 8. Be3 Nc6 9. Qd2 0-0 10. 0-0-0 Ne5 11. Be2 b5 12. Kb1 Bb7 13. Bh6 Rc8 14. Bxg7 Kxg7 15. h4 h5 16. g4 e6 17. g5 Ne8 18. f4 Nc4 19. Bxc4 Rxc4 20. Rhe1 Qb6 21. f5 e5 22. Nb3 a5 23. fxg6 fxg6 24. Rf1 Rxf1 25. Rxf1 a4 26. Na5 Rc7 27. Nxb7 Rxb7 28. Qd5 b4 29. Nxa4 Qa6 30. Rf2 Re7 31. b3 Qa7 32. Qd2 Qd4 33. Qe1 d5 34. exd5 Nd6 35. Rd2 Qg4 36. Nc5 Kh7 37. Ne6 Ne4 38. Rd3 Nc3+ 39. Kb2 e4 40. Rd4 Ra7 41. Rxb4 Nd1+ 42. Kc1 Rxa2 43. Ra4 Rxa4 44. bxa4 e3 45. Qa5 1-0

[Event "PRO League Prelim"]
[Site "Chess.com INT"]
[Date "2023.03.09"]
[Round "4.2"]
[White "Durarbayli, Vasif"]
[Black "Lou, Yiping"]
[Result "0-1"]
[WhiteElo "2635"]
[BlackElo "2500"]
[PlyCount "68"]
[EventDate "2023.02.14"]
[EventType "team-swiss (rapid)"]
[EventRounds "5"]
[EventCountry "USA"]
[SourceTitle "CBM 213 Extra"]
[Source "ChessBase"]
[SourceDate "2023.05.31"]
[SourceVersion "1"]
[SourceVersionDate "2023.05.31"]
[SourceQuality "1"]
[WhiteTeam "Croatia Bulldogs"]
[BlackTeam "Shanghai Tigers"]
[WhiteTeamCountry "CRO"]
[BlackTeamCountry "CHN"]

1. e4 e5 2. Nf3 Nc6 3. Bb5 Nf6 4. d3 Bc5 5. c3 0-0 6. 0-0 d6 7. Bg5 h6 8. Bh4 g5 9. Nxg5 hxg5 10. Bxg5 Kg7 11. Bxc6 bxc6 12. d4 Bb6 13. f4 exd4 14. cxd4 Qe8 15. Bxf6+ Kxf6 16. Nc3 Rh8 17. Qd3 Ke7 18. b4 Qg8 19. f5 Kd8 20. a4 a5 21. b5 Qg7 22. Rad1 Bb7 23. Kh1 cxb5 24. Nxb5 Kd7 25. Rf3 Rag8 26. Rd2 Qg4 27. Nc3 Rh4 28. Re2 Re8 29. h3 Bxe4 30. Rxe4 Rxe4 31. Qb5+ Kd8 32. Nxe4 Qxe4 33. Rg3 Rh8 34. Qc4 Qxd4 0-1

[Event "PRO League Prelim"]
[Site "Chess.com INT"]
[Date "2023.03.09"]
[Round "4.4"]
[White "Lou, Yiping"]
[Black "Sukandar, Irine Kharisma"]
[Result "1/2-1/2"]
[WhiteElo "2500"]
[BlackElo "2389"]
[PlyCount "65"]
[EventDate "2023.02.14"]
[EventType "team-swiss (rapid)"]
[EventRounds "5"]
[EventCountry "USA"]
[SourceTitle "CBM 213 Extra"]
[Source "ChessBase"]
[SourceDate "2023.05.31"]
[SourceVersion "1"]
[SourceVersionDate "2023.05.31"]
[SourceQuality "1"]
[WhiteTeam "Shanghai Tigers"]
[BlackTeam "Croatia Bulldogs"]
[WhiteTeamCountry "CHN"]
[BlackTeamCountry "CRO"]

1. Nf3 Nf6 2. c4 e6 3. Nc3 d5 4. e3 Be7 5. b3 c5 6. cxd5 exd5 7. d4 0-0 8. Be2 Nc6 9. 0-0 Bf5 10. dxc5 Bxc5 11. Bb2 Rc8 12. h3 a6 13. Bd3 Be4 14. Rc1 Bd6 15. Bb1 Bxb1 16. Rxb1 Bb8 17. Qd3 Qd6 18. Rfd1 Rfd8 19. Ne2 Ne4 20. Nf4 Ne7 21. Rbc1 Rxc1 22. Rxc1 Qd7 23. Be5 Bxe5 24. Nxe5 Qf5 25. Nf3 g5 26. Ne2 h5 27. Ned4 Qf6 28. Qe2 Ng6 29. Nd2 Nxd2 30. Qxd2 g4 31. hxg4 hxg4 32. Qc2 Nh4 33. Qc7 1/2-1/2

[Event "CHN-chT"]
[Site "Nanjing"]
[Date "2023.02.20"]
[Round "7.2"]
[White "Li, Di"]
[Black "Lou, Yiping"]
[Result "1-0"]
[WhiteElo "2546"]
[BlackElo "2500"]
[PlyCount "97"]
[EventDate "2023.02.14"]
[EventType "team-swiss"]
[EventRounds "9"]
[EventCountry "CHN"]
[SourceTitle "CBM 212 Extra"]
[Source "ChessBase"]
[SourceDate "2023.03.31"]
[SourceVersion "1"]
[SourceVersionDate "2023.03.31"]
[SourceQuality "1"]
[WhiteTeam "Chengdu"]
[BlackTeam "Shanghai"]
[WhiteTeamCountry "CHN"]
[BlackTeamCountry "CHN"]

1. Nf3 d5 2. d4 Nf6 3. c4 e6 4. Nc3 c5 5. e3 cxd4 6. exd4 Bb4 7. cxd5 Nxd5 8. Bd2 Bd7 9. Bd3 Bc6 10. h4 Nd7 11. h5 h6 12. Rh3 Bd6 13. Qe2 Qb6 14. Nxd5 Bxd5 15. Bc3 Rc8 16. Kf1 a6 17. Kg1 Qd8 18. Rd1 Qe7 19. Ne5 Nxe5 20. dxe5 Bb4 21. Rg3 Bxc3 22. bxc3 0-0 23. Bb1 Rc4 24. Qd3 f5 25. exf6 Qxf6 26. Qh7+ Kf7 27. Rdd3 Rf4 28. Rg6 Qh4 29. Qxg7+ Ke8 30. Rd2 Kd8 31. Rxe6 Kc8 32. Re4 Bxe4 33. Bxe4 R4f7 34. Qe5 Qf6 35. Qxf6 Rxf6 36. g4 Kc7 37. Kg2 b5 38. Kg3 Rd8 39. Re2 Rfd6 40. f4 Re6 41. g5 Kd6 42. f5 Ree8 43. g6 Rf8 44. Kf4 Rc8 45. Rd2+ Ke7 46. Ke5 Rfe8 47. Bd5 Rcd8 48. f6+ Kf8+ 49. Kf5 1-0

[Event "PRO League Prelim"]
[Site "Chess.com INT"]
[Date "2023.02.16"]
[Round "1.2"]
[White "Bok, Benjamin"]
[Black "Lou, Yiping"]
[Result "1-0"]
[WhiteElo "2607"]
[BlackElo "2500"]
[PlyCount "91"]
[EventDate "2023.02.14"]
[EventType "team-swiss (rapid)"]
[EventRounds "5"]
[EventCountry "USA"]
[SourceTitle "CBM 212 Extra"]
[Source "ChessBase"]
[SourceDate "2023.03.31"]
[SourceVersion "1"]
[SourceVersionDate "2023.03.31"]
[SourceQuality "1"]
[WhiteTeam "Saint Louis Arch Bishops"]
[BlackTeam "Shanghai Tigers"]
[WhiteTeamCountry "USA"]
[BlackTeamCountry "CHN"]

1. c4 c6 2. Nf3 d5 3. e3 Nf6 4. Nc3 e6 5. b3 Nbd7 6. Qc2 Bd6 7. Bb2 0-0 8. Be2 e5 9. cxd5 cxd5 10. Nb5 Bb8 11. Rc1 d4 12. exd4 e4 13. Ne5 Nb6 14. Nc7 Bxc7 15. Qxc7 Qxc7 16. Rxc7 Nbd5 17. Rc1 Nf4 18. Bf1 Bf5 19. g3 Nd3+ 20. Bxd3 exd3 21. f3 h5 22. Kf2 Rac8 23. Rxc8 Rxc8 24. Rc1 Rxc1 25. Bxc1 Nd5 26. Ba3 f6 27. Nc4 b6 28. Ne3 Be6 29. f4 Nxe3 30. Kxe3 f5 31. Kxd3 Bd5 32. Bd6 Kf7 33. Bb8 a6 34. Bc7 b5 35. Kc3 Ke6 36. Kb4 Be4 37. Kc5 g6 38. Be5 Kd7 39. d5 Bb1 40. a3 Bc2 41. b4 Bb3 42. d6 Bc2 43. Kb6 Ba4 44. Kxa6 Kc6 45. d4 Bd1 46. d5+ 1-0